000 01749nam a2200445 a 4500
001 ebr10233600
003 CaPaEBR
006 m u
007 cr cn|||||||||
008 050706s2005 enkab sb 001 0 eng
010 _z 2005019295
015 _aGBA556394
_2bnb
016 7 _z013245273
_2Uk
020 _z0192824309 (alk. paper)
020 _z9780192824301 (alk. paper)
040 _aCaPaEBR
_cCaPaEBR
035 _a(OCoLC)646752654
041 1 _aeng
_hgrc
043 _ae-gr---
_aa-ir---
050 1 4 _aDF231.32
_b.X413 2005eb
082 0 4 _a938
_222
100 0 _aXenophon.
240 1 0 _aAnabasis.
_lEnglish
245 1 4 _aThe expedition of Cyrus
_h[electronic resource] /
_cXenophon ; translated by Robin Waterfield ; with an introduction and notes by Tim Rood.
260 _aOxford ;
_aNew York :
_bOxford University Press,
_c2005.
300 _axliii, 231 p. :
_bill., maps.
490 1 _aOxford world's classics
504 _aIncludes bibliographical references (p. [xxxvi]-xxxviii) and index.
533 _aElectronic reproduction.
_bPalo Alto, Calif. :
_cebrary,
_d2013.
_nAvailable via World Wide Web.
_nAccess may be limited to ebrary affiliated libraries.
546 _aTranslated from the Ancient Greek.
600 0 0 _aCyrus,
_cthe Younger,
_dapproximately 423-401 B.C.
651 0 _aGreece
_xHistory
_yExpedition of Cyrus, 401 B.C.
651 0 _aIran
_xHistory
_yTo 640.
655 7 _aElectronic books.
_2local
700 1 _aWaterfield, Robin,
_d1952-
700 1 _aRood, Tim.
710 2 _aebrary, Inc.
830 0 _aOxford world's classics (Oxford University Press)
856 4 0 _uhttp://site.ebrary.com/lib/rucke/Doc?id=10233600
_zAn electronic book accessible through the World Wide Web; click to view
999 _c37556
_d37556